Zavádzanie duálneho vzdelávania do spoločnosti PCA Slovakia, s.r.o.

Saved in:
Bibliographic Details
Main Author: Petrisko, Peter (Author)
Other Authors: Fuksová, Nadežda (Thesis advisor)
Format: Manuscript Book
Language:Slovak
Published: 2017
Subjects:
Online Access:http://is.stuba.sk/zp/portal_zp.pl?podrobnosti=121075
Tags: Add Tag
No Tags, Be the first to tag this record!

MARC

LEADER 00000ntm a22000003a 4500
001 stuzp57912
003 SK-STU
005 20170610210230.4
007 ta
008 150427s2015----xo-----f-mn---000-0-slo-d
040 |a STU  |b slo 
041 0 |a slo 
100 1 |a Petrisko, Peter  |u 902024  |4 aut  |U Ústav manažmentu STU  |T ÚM - Oddelenie manažmentu chemických a potravinárskych technológií  |X 61866  |U R2024  |Y 408  |7 61866 
242 0 1 |a The Introduction of Dual Education in Society PCA Slovakia, s.r.o.  |y eng 
245 1 0 |a Zavádzanie duálneho vzdelávania do spoločnosti PCA Slovakia, s.r.o. 
260 |c 2017 
650 4 |a PSA Peugeot Citroën Slovakia  |2 slo 
650 4 |a Dotazník  |2 slo 
650 4 |a Duálne vzdelávanie  |2 slo 
650 4 |a PSA Peugeot Citroën Slovakia  |2 eng 
650 4 |a Dual education  |2 eng 
650 4 |a Enquiry  |2 eng 
700 1 |a Fuksová, Nadežda  |u 902024  |k Z1  |4 ths  |U Ústav manažmentu STU  |T ÚM - Oddelenie manažmentu chemických a potravinárskych technológií  |X 16626  |U R2024  |Y 408  |7 A000016626 
856 4 |u http://is.stuba.sk/zp/portal_zp.pl?podrobnosti=121075